Library Banner

پشتونوں کی تاریخ (Record no. 75261)

MARC details
000 -LEADER
fixed length control field 00370nam a22001337a 4500
005 - DATE AND TIME OF LATEST TRANSACTION
control field 20150831104734.0
008 - FIXED-LENGTH DATA ELEMENTS--GENERAL INFORMATION
fixed length control field 150831b xxu||||| |||| 00| 0 eng d
040 ## - CATALOGING SOURCE
Transcribing agency PK-LaUMT
082 ## - DEWEY DECIMAL CLASSIFICATION NUMBER
Classification number KHC 954.0358
Item number PAS-
245 ## - TITLE STATEMENT
Title پشتونوں کی تاریخ
Statement of responsibility, etc انوررومان(مترجم
260 ## - PUBLICATION, DISTRIBUTION, ETC. (IMPRINT)
Place of publication, distribution, etc کوئٹہ
Name of publisher, distributor, etc گوشئہ ادب
Date of publication, distribution, etc [N.D]
300 ## - PHYSICAL DESCRIPTION
Extent 560 ص
942 ## - ADDED ENTRY ELEMENTS (KOHA)
Koha item type Books
Holdings
Withdrawn status Lost status Damaged status Home library Current library Date acquired Full call number Barcode Date last seen Price effective from Koha item type
      UMT Main Campus UMT Main Campus 2015-08-31 KHC 954.0358 PAS- 68998 2015-08-31 2015-08-31 Books